Hotel de Dream /

Saved in:
書目詳細資料
主要作者: White, Edmund
格式: 圖書
語言:意大利语
標簽: 添加標簽
沒有標簽, 成為第一個標記此記錄!

MARC

LEADER 00000nam a2200000 4500
001 CDOM0000003763
003 mi
005 20250827163344.0
008 130606s it ||||| |||| 00| 0 ita d
040 |c mi 
100 |a White, Edmund 
245 1 |a Hotel de Dream /  |c Edmund White 
500 |a Mancano i principali riferimenti bibliografici. 
942 |2 ddc  |c BK 
952 |0 0  |1 0  |2 ddc  |4 0  |7 0  |9 6978  |a MI  |b MI  |d 2009-08-28  |i 5481  |l 0  |p CDOM5481  |r 2025-07-13 16:28:00  |w 2025-07-13  |x ACQUISTO  |y BK 
999 |c 5697  |d 5697